Solicitud de compromiso de las instituciones representantes en el CAN para el apoyo financiero y técnico en el desarrollo de las industrias rurales a través del cooperativismo -INFOCOOP-

Збережено в:
Бібліографічні деталі
Співавтор: Costa Rica. Ministerio de Agricultura y Ganadería. Consejo Agropecuario Nacional
Формат: Текст
Опубліковано: San José: El Consejo
Предмети:
Теги: Додати тег
Немає тегів, Будьте першим, хто поставить тег для цього запису!

MARC

LEADER 00000 a a2200000 04500
001 14959
003
040 |a CRAI/IIS  |c CRAI/IIS 
090 |a 026000  
110 |a Costa Rica. Ministerio de Agricultura y Ganadería. Consejo Agropecuario Nacional  
245 |a Solicitud de compromiso de las instituciones representantes en el CAN para el apoyo financiero y técnico en el desarrollo de las industrias rurales a través del cooperativismo -INFOCOOP-  
260 |a San José:   |b El Consejo  
300 |a 7 p.  
650 |a COMPRA  
999 |c 5754  |d 5754